000 00884cam a2200217 i 4500
005 20260126093944.0
008 250721s2000 jo gr 000 0 ara d
082 1 4 _a346.043
_bع ل ي
100 1 _aالعبيدي، علي هادي
_eمؤلف.
245 1 0 _aشرح أحكام عقدي البيع والإيجار :
_bدراسة في القانون المدني وقانون المالكين والمستأجرين ومجلة الأحكام العدلية /
_cالدكتور علي هادي العبيدي.
250 _aالطبعة الأولى.
264 3 1 _aإربد :
_bالمركز القومي،
_c2000.
300 _a430 صفحة.
650 1 7 _aالبيوع.
650 1 7 _aالإيجار.
650 1 7 _aالعقود.
650 1 7 _aالقانون المدني.
650 1 7 _aتأجير المساكن.
942 _2ddc
_cBK
999 _c1355
_d1355